• 首页
  • 本馆介绍
  • 公告通知
  • 最新文献
  • 馆藏检索
  • 电子资源
  • 读者导购
  • 参考咨询
  • 我的图书馆
  • 登录
  • 详细信息显示
  • 放入我的书架
  • 预约/预借图书
  • 作者相关作品
  • 分类相关作品
  • 丛书相关作品
  • 出版社相关作品

书目信息

  • 表格格式
  • 工作单格式
  • 卡片格式
题名:
中国交通旅游地图册
    
 
作者: ;天域北斗数码科技有限公司 编著
分册:  
出版信息: 北京   中国地图出版社  2012
页数: 160页
开本: 30cm
丛书名:
单 册:
中图分类: K992.9 , F512.99-64
科图分类:
主题词: 旅游图--lv you tu--中国 , 交通图--jiao tong tu--中国
电子资源:
ISBN: 978-7-5031-6180-3
000 00884nam0 2200265 450
001 2151101923
005 20211018173724.0
010    @a978-7-5031-6180-3@dCNY30.00
100    @a20130208d2012 em y0chiy0110 ea
101 0  @achi
102    @aCN@b110000
105    @ab z 000yy
106    @ar
200 1  @a中国交通旅游地图册@Azhong guo jiao tong lv you di tu ce@f天域北斗数码科技有限公司编著
210    @a北京@c中国地图出版社@d2012
215    @a160页@c地图@d30cm
300    @a图行天下
330    @a本书新编分省公路地图,城市街道详图,还包括最新全国交通旅游资料及各省公路里程信息。
606 0  @a旅游图@Alv you tu@y中国
606 0  @a交通图@Ajiao tong tu@y中国
690    @aK992.9@v5
690    @aF512.99-64@v5
711 02 @a天域北斗数码科技有限公司@Atian yu bei dou shu ma ke ji you xian gong si@4编著
801  0 @aCN@b百万庄@c20211016
905    @b1309760-63@dK992.9@e540@f4
    
    中国交通旅游地图册/天域北斗数码科技有限公司编著.-北京:中国地图出版社,2012
    160页:地图;30cm
    图行天下
    
    ISBN 978-7-5031-6180-3:CNY30.00
    本书新编分省公路地图,城市街道详图,还包括最新全国交通旅游资料及各省公路里程信息。
●
相关链接 在E读中查询图书 在五车中查询图书 在当当中查询图书 在豆瓣中查询图书


正题名:中国交通旅游地图册     索取号:K992.9/540         预约/预借

序号 登录号 条形码 馆藏地/架位号 状态 备注
1 1309760   213097600   第二样本阅览室/ [索取号:K992.9/540] 在馆    
2 1309761   213097619   第二借阅区/ [索取号:K992.9/540] 在馆    
3 1309762   213097628   第二借阅区/ [索取号:K992.9/540] 在馆    
4 1309763   213097637   第二借阅区/ [索取号:K992.9/540] 已借出,限还日期为2026.08.12
借出人:王晗  
 
唐山师范学院图书馆 欢迎您!
大连网信软件有限公司© 版权所有